Short studies of the heroes of the early church. (Record no. 5095)

000 -LEADER
fixed length control field 00584nam a2200181 a 4500
001 - CONTROL NUMBER
control field :::00002836$&:&@@
003 - CONTROL NUMBER IDENTIFIER
control field OkBaRHE
005 - DATE AND TIME OF LATEST TRANSACTION
control field 20000607103257.0
008 - FIXED-LENGTH DATA ELEMENTS--GENERAL INFORMATION
fixed length control field s1908 j 000 0 eng u
040 ## - CATALOGING SOURCE
Transcribing agency
100 1# - MAIN ENTRY--PERSONAL NAME
Personal name Robinson, Emma A.
245 10 - TITLE STATEMENT
Title Short studies of the heroes of the early church.
260 ## - PUBLICATION, DISTRIBUTION, ETC. (IMPRINT)
Place of publication, distribution, etc Cincinnati, OH., :
Name of publisher, distributor, etc Jennings and Graham
Date of publication, distribution, etc c1908
300 ## - PHYSICAL DESCRIPTION
Extent 186 p. : illus. ;
Dimensions 20 cm.
650 ## - SUBJECT ADDED ENTRY--TOPICAL TERM
Topical term or geographic name as entry element Bible New Testament
General subdivision Biography
942 ## - ADDED ENTRY ELEMENTS (KOHA)
Source of classification or shelving scheme
Koha item type Books
Copies
Damaged status Date last seen Not for loan Barcode Date acquired Permanent Location Withdrawn status Koha item type Lost status Copy number Price effective from Full call number Source of classification or shelving scheme Shelving location
 2018-03-16 28362010-04-14RHEMA Bible Training College Books 12010-04-14BS 2430 .R595 General Stacks